Geography Quiz

Random Geography or City Quiz

Find That Capital: Hot or Cold Quiz Stats

 Plays Quiz Updated Aug 5, 2015

Challenge
Share
Tweet
Embed
Score 0/5 Timer 03:00
3 Plays Today
Answer % Correct
You found it! Way to go!
68%
Cracking Job Gromit!
57.1%
Bullseye!
53.5%
Right on the money!
49.4%
Good work!
35.5%

You're not logged in!

Compare scores with friends on all Sporcle quizzes.
OR
Log In

You Might Also Like...

Show Comments

Extras

Top Quizzes Today


Score Distribution

Your Account Isn't Verified!

In order to create a playlist on Sporcle, you need to verify the email address you used during registration. Go to your Sporcle Settings to finish the process.

Report this User

Report this user for behavior that violates our Community Guidelines.

Details: